| 000 | 01639nam a2200265 4500 | ||
|---|---|---|---|
| 003 | co-ctgcurn | ||
| 005 | 20250329165503.0 | ||
| 007 | ta | ||
| 008 | 190415s2021 000 0 eng d | ||
| 040 |
_aCO-CtgCURN _bspa _ccoctgcurn |
||
| 082 | 0 |
_aODO 2021 _bM842 |
|
| 100 | 1 | _aMorelos Ramos, Cindy Marcela. | |
| 245 | 1 | 0 |
_aConocimientos sobre alimentos cariogénicos en adolescentes de la institución educativa académica y técnica de loma de arena- Bolívar durante el 2021 / _cCindy Marcela Morelos Ramos; Sabikira Córdoba Peralta; Yuly Paola Burgos Rangel. |
| 260 | 1 |
_aCartagena de Indias : : _bCorporación Universitaria Rafael Nuñez,, _c2021. |
|
| 300 | _a78 hojas. | ||
| 504 | _aTrabajo de grado (Odontologo).Corporación Universitaria Rafael Núñez. Facultad de Ciencias de Salud. Programa de Odontología, 2021. | ||
| 520 | _a"Los hábitos de consumo de alimentos de una población, así como sus costumbres, frecuencia y cantidad, están asociados al estado nutricional que tiene el ser humano. Durante la adolescencia, la calidad de la dieta puede considerarse como detonante en el desarrollo de procesos cariogénicos." | ||
| 650 | 1 | 4 |
_aOdontología _vTesis y disertaciones academicas. |
| 700 | 1 | _aCórdoba Peralta, Sabikira. | |
| 700 | 1 | _aBurgos Rangel, Yuly Paola. | |
| 700 | 1 |
_aAlzhamora de la Rosa, Leslie Esther, _edocente. |
|
| 856 |
_uhttps://unicurn.sharepoint.com/:b:/s/biblioteca/EYo-Xgm6IN1Lqman5COkLYIBs_bULkaFpcUYN7ni3vo-Ew?e=GvBXvG _zClick aqui para ver el recurso en texto completo |
||
| 942 |
_2ddc _cTG _hODO 2021 _iM842 |
||
| 999 |
_c5618 _d5618 |
||